На роздоріжжі двох тисячоліть... (Запис № 351467)
[ простий вигляд ]
| 000 -LEADER | |
|---|---|
| fixed length control field | 00702nam a22002537a 4500 |
| 001 - CONTROL NUMBER | |
| control field | 65512 |
| 003 - CONTROL NUMBER IDENTIFIER | |
| control field | UA-OsUOA |
| 005 - DATE AND TIME OF LATEST TRANSACTION | |
| control field | 20210712193902.0 |
| 007 - PHYSICAL DESCRIPTION FIXED FIELD--GENERAL INFORMATION | |
| fixed length control field | ta |
| 008 - FIXED-LENGTH DATA ELEMENTS--GENERAL INFORMATION | |
| fixed length control field | 20091125b un ||||| |||| 00| 0 ukr d |
| 020 ## - INTERNATIONAL STANDARD BOOK NUMBER | |
| International Standard Book Number | 966727540Х |
| 040 ## - CATALOGING SOURCE | |
| Original cataloging agency | UA-OsUOA |
| Language of cataloging | ukr |
| Transcribing agency | UA-OsUOA |
| Modifying agency | UA-OsUOA |
| 041 ## - LANGUAGE CODE | |
| Language code of text/sound track or separate title | ukr |
| 080 ## - UNIVERSAL DECIMAL CLASSIFICATION NUMBER | |
| Universal Decimal Classification number | 821.161.2 |
| 090 ## - LOCALLY ASSIGNED LC-TYPE CALL NUMBER (OCLC); LOCAL CALL NUMBER (OCLC) | |
| Classification number (OCLC) (R) ; Classification number, CALL (RLIN) (NR) | 821.161.2 |
| Local cutter number (OCLC) ; Book number/undivided call number, CALL (RLIN) | Н12 |
| 100 ## - MAIN ENTRY--PERSONAL NAME | |
| Personal name | Базалія О. |
| 245 ## - TITLE STATEMENT | |
| Title | На роздоріжжі двох тисячоліть... |
| 260 ## - PUBLICATION, DISTRIBUTION, ETC. (IMPRINT) | |
| Place of publication, distribution, etc | К. |
| Date of publication, distribution, etc | 2003 |
| 300 ## - PHYSICAL DESCRIPTION | |
| Extent | 310 с. |
| 650 #7 - SUBJECT ADDED ENTRY--TOPICAL TERM | |
| Topical term or geographic name as entry element | 82 Література. Літературознавство |
| Source of heading or term | UDC |
| 942 ## - ADDED ENTRY ELEMENTS (KOHA) | |
| Koha item type | Книги |
| Source of classification or shelving scheme | Universal Decimal Classification |
| 955 ## - COPY-LEVEL INFORMATION (RLIN) | |
| Classification number, CCAL (RLIN) | Навчальні видання |
| Withdrawn status | Lost status | Source of classification or shelving scheme | Damaged status | Not for loan | Collection code | Home library | Current library | Date acquired | Source of acquisition | Cost, normal purchase price | Inventory number | Full call number | Barcode | Date last seen | Price effective from | Koha item type | Public note |
|---|---|---|---|---|---|---|---|---|---|---|---|---|---|---|---|---|---|
| Universal Decimal Classification | Колекція Жулинського М.Г. | ЧЗ - Читальна зала | ЧЗ - Читальна зала | 25/11/2009 | 132/2009 | 10.00 | 124950 | 821.161.2-1 Б17 | 124950 | 06/02/2022 | 25/11/2009 | Книги | з автографом О. Базалії | ||||
| Universal Decimal Classification | Колекція Жулинського М.Г. | ЧЗ - Читальна зала | ЧЗ - Читальна зала | 22/12/2009 | 136/2009 | 16.00 | 125392 | 821.161.2-1 Б17 | 125392 | 06/02/2022 | 22/12/2009 | Книги | з автографом О. Базалії |